| 000 | 00533nam a2200169 i 4500 | ||
|---|---|---|---|
| 001 | 150600 | ||
| 003 | ES-MaACL | ||
| 005 | 20230906203606.0 | ||
| 007 | t| | ||
| 008 | 071031s1964 sp ||||1| cat d | ||
| 100 | 1 |
_aValor i Serra, Jordi. _9112982 |
|
| 245 | 1 | 0 |
_aLina Morell _b: un cas apassionat / _cJordi Valor i Serra ; illustracions de Joaquim Mitjavila. |
| 260 |
_aValencia : _b[s.n.], _c1964 ( _fImp. Noguera) |
||
| 300 |
_a90 p. ; _c16 cm. |
||
| 700 | 1 |
_aMitjavila, Joaquim. _981700 |
|
| 852 |
_aES-MaACL _jC-28942 _bR.57964 |
||
| 999 |
_c150600 _d150600 |
||